Govt. of
Madhya Pradesh

Grammar For competitive Exam (Record no. 33124)

MARC details
000 -LEADER
fixed length control field 003260000a22001450004500
003 - CONTROL NUMBER IDENTIFIER
control field MACL
040 ## - CATALOGING SOURCE
Original cataloging agency MACL
090 ## - LOCALLY ASSIGNED LC-TYPE CALL NUMBER (OCLC); LOCAL CALL NUMBER (RLIN)
-- 33474
-- 33472
100 ## - MAIN ENTRY--PERSONAL NAME
Personal name Sudha Publications
245 ## - TITLE STATEMENT
Title Grammar For competitive Exam
260 ## - PUBLICATION, DISTRIBUTION, ETC. (IMPRINT)
Name of publisher, distributor, etc. Sudha Publications
Date of publication, distribution, etc. 2001
650 ## - SUBJECT ADDED ENTRY--TOPICAL TERM
Topical term or geographic name as entry element Grammer
942 ## - ADDED ENTRY ELEMENTS (KOHA)
Koha item type Library Membar
Call number prefix 415/Sud
951 ## - EQUIVALENCE OR CROSS-REFERENCE--GEOGRAPHIC NAME/AREA NAME [OBSOLETE] [CAN/MARC only]
-- 415/Sud BOOK

No items available.